Pokémon with 4x weakness to Bug - Statistics

General Stats
  • This quiz has been taken 341 times
    49 since last reset
  • The average score is 11 of 15
Answer Stats
Gen Answer % Correct
I Exeggcute
95%
I Exeggutor
95%
VI Inkay
87%
VI Malamar
87%
III Shiftry
87%
III Cacturne
84%
III Nuzleaf
84%
IX Brute Bonnet
74%
II Celebi
74%
VI Hoopa (Unbound)
71%
VIII Zarude
68%
IX Meowscarada
66%
IX Wo-Chien
58%
VIII Calyrex
55%
IX Iron Leaves
55%
No matching quizzes found
Score Distribution
Percent of People with Each Score
Percentile by Number Answered
Your Score History
You have not taken this quiz since the last reset